Very Difficult Flags #16 - Statistics

General Stats
  • This quiz has been taken 50 times
  • The average score is 3 of 16
Answer Stats
Picture Answer % Correct
Grenada
96%
Mozambique (OLD)
67%
Kampuchea
31%
Georgia (OLD)
29%
Torres Island
27%
Ghana (OLD)
20%
Hunnic Empire
13%
Gotland
9%
Inca Empire
7%
Tuscany
7%
World Girl Scouts
7%
Guatemala (OLD)
2%
Milwaukee
2%
Northern Yemen
2%
Republic of Texas
2%
Tristian da Cunha
2%
No matching quizzes found
Score Distribution
Percent of People with Each Score
Percentile by Number Answered
Your Score History
You have not taken this quiz